000 02332nam a2200349 a 4500
001 54327
003 AR-BaAGN
005 20240723102212.0
007 ta
008 s ag |||||r|||| ||| ||spa d
020 _a978-631-90164-0-6
040 _aAR-BaAGN
_bspa
_eaacr
245 0 0 _a2013-2023 :
_baproximación histórica al Poder Legislativo Entrerriano.
246 1 3 _aDos mil trece-dos mil ventitrés :
_baproximación histórica al Poder Legislativo Entrerriano.
260 _a[Paraná] :
_bAsociación Personal Legislativo de Entre Ríos,
_c[2023].
300 _a85 páginas ;
_c21 cm.
336 _btxt
_2rdacontent
337 _bn
_2rdamedia
338 _bnc
_2rdacarrier
500 _aA la cabeza de la portada: «En conmemoración de los 40 años de democracia».
500 _aPublicación de la Asociación del Personal Legislativo de Entre Ríos, que recopila la historia legislativa de Entre Ríos.
505 0 _aPoema de trabajo -- Palabras de Sergio Almeida, secretario general APLER -- Nota de las recopiladoras Chichina Mantovani, Karina Farías -- Palabras de Lic. María Laura Stratta, vice gobernadora -- Palabras de Dr. Ángel Francisco Giano, presidente C.D.E.R. -- Palabras de Dr. Marciano Martínez -- Período 2013-2015 Sergio Daniel Urribari- José Cáceres (continuación) : Mensaje Sr. Gobernador Don Sergio Daniel Urribarri -- Conformación Cámara de Senadores -- Conformación Cámara de Diputados -- Continuación nómina de Leyes destacadas del período -- Período 2015-2019 Gustavo Bordet-Adan Bahl : Mensaje Sr. Gobernador Dr. Gustavo Eduardo Bordet -- Conformación Cámara de Senadores -- Conformación Cámara de diputados -- Nómina de Leyes destacadas del período -- Período 2019-2023 Gustavo Bordet-Laura Stratta : Mensaje Sr. Gobernador Dr. Gustavo Eduardo Bordet -- Conformación Cámara de Senadores -- Conformación Cámara de Diputados -- Nómina de leyes destacadas del período.
650 4 _aPODER LEGISLATIVO
_91920
650 4 _aDEMOCRACIA
_91504
650 4 _aLEYES PROVINCIALES
_92540
650 4 _aDISCURSOS
_91653
651 4 _aEntre Ríos (Provincia)
_94099
700 1 _aMantovani, Elvira
_98390
_ecom
700 1 _aFarías, Carina Alba
_98391
_ecom
710 2 _bAsociación del Personal Legislativo de Entre Ríos (APLER)
_eeditor
942 _cLIBRO
_kAGN
_n0
999 _c54327
_d54327